Places in West Midlands - sudden death - Statistics

General Stats
  • This quiz has been taken 76 times
  • The average score is 7 of 24
Answers on the Grid
Answers color-coded by a green-red scale on the quiz's grid according to % correct below.
Coventry
Wolverhampton
Birmingham
Leicester
Cape Town
Derby
Trafalgar Square
The Hawthorns
Balmoral Castle
West Bromwich
Walsall
Sutton Coldfield
Solihull
The Belfry
Nottingham
Spaghetti Junction
Birmingham Airport
Telford
Bridgetown
Wellington
Molineux
Daimler Green
Headingley
Clonmel
Aston University
Black Sabbath's hometown
Mount Healthy
Calabar
Kingswinford
Mentor
Birthplace of Alec Guinness
St Andrews
Bedworth
Perry Common
Finham
Neville Chamberlain's birthplace
Philip Larkin's birthplace
St Mary Cray
Whitmore Reans
Cinnaminson
The County Ground
Eastern Green
St Andrew's
Tinley Park
Cadbury Heath
Flat Rock
Pool Green
Quinton
 
Answer Stats
Answer % Correct
Coventry
80%
Birmingham
78%
Wolverhampton
68%
Solihull
65%
Walsall
58%
Birmingham Airport
53%
West Bromwich
50%
Aston University
48%
A38(M) / M6 Spaghetti Junction
43%
Sutton Coldfield
38%
West Bromwich Albion The Hawthorns
35%
Birmingham Black Sabbath's hometown
30%
Wolverhampton Wanderers Molineux
30%
Kingswinford
20%
Birmingham City Football Club St Andrew's
10%
Coventry Daimler Green
8%
Perry Common
8%
Birmingham Neville Chamberlain's birthplace
5%
Wolverhampton Whitmore Reans
5%
Coventry Eastern Green
3%
Pool Green
3%
Quinton
3%
Coventry Finham
0%
Coventry Philip Larkin's birthplace
0%
No matching quizzes found
Score Distribution
Percent of People with Each Score
Percentile by Number Answered
Your Score History
You have not taken this quiz